000
00237 a2200121 4500
020
_a
9788493482633
041
_a
spa
100
_a
Gil Martinez, Carmen
245
_a
El hada Roberta
942
_c
BK
999
_c
10869
_d
10869
999
_d
10869
999
_d
10869